000 00817nam a22002297a 4500
999 _c18179
_d18179
003 AR-CdUCM
008 190513b ||||| |||| 00| 0 spa d
040 _aMUNICIPALIDAD PROVINCIAL DEL CUSCO
_cBIBLIOTECA MUNICIPAL DEL CUSCO
082 _a869.56 /F65
100 _aFlorian, Mario
_914609
245 _aPoesía peruana :
_bUrpi /
_bPuna /
_bCharango /
260 _aLima :
_bDirección de educación artística y extensión cultural,
_c1944.
300 _a236 páginas ;
_c21 cm.
505 _aContenido : Poesía en la tierra -- Poemas agrestes -- Kaleidoscopia ttiakaka -- Agua fuertes andinos ...
650 _aPoesías
_92272
650 _aPeruanas
_928844
650 _aSiglo XX
_98
700 _aRodrigo, Luis
_938625
700 _aNieto, Luis
_911864
942 _2ddc
_cLIBROS
945 _arah
_d2019/05/13